Piłkarze, którzy nie byli mistrzami świata - nagła śmierć - Statystyki

Ogólne statystyki
  • Ten quiz został rozwiązany 101 razy
  • Średni wynik to 8 z 22
Answers on the Grid
Answers color-coded by a green-red scale on the quiz's grid according to % correct below.
Sergio Agüero
Aldair
Roberto Baggio
Michael Ballack
Gordon Banks
Bebeto
David Beckham
Karim Benzema
Giuseppe Bergomi
George Best
Andreas Brehme
Cafu
Eric Cantona
Cristiano Ronaldo
Johan Cruyff
José Luis Cuciuffo
Kenny Dalglish
Alessandro Del Piero
Alfredo Di Stéfano
Youri Djorkaeff
Christophe Dugarry
Dunga
Paulo Dybala
Eusébio
Garrincha
Gennaro Gattuso
Mats Hummels
Bodo Illgner
Jairzinho
Oliver Kahn
Christian Karembeu
Lúcio
Paolo Maldini
Neymar Jr
Mesut Özil
Benjamin Pavard
Michel Platini
Ferenc Puskás
Raúl
Karl-Heinz Riedle
Rivaldo
Paolo Rossi
Karl-Heinz Rummenigge
Socrates
Alberto Tarantini
Fernando Torres
Jorge Valdano
Marco van Basten
Berti Vogts
Xabi Alonso
Gianluca Zambrotta
Zico
 
Statystyki odpowiedzi
Odpowiedź % Poprawnych
brak tytułu Sergio Agüero
67%
brak tytułu David Beckham
61%
brak tytułu Cristiano Ronaldo
60%
brak tytułu George Best
50%
brak tytułu Neymar Jr
47%
brak tytułu Johan Cruyff
46%
brak tytułu Eric Cantona
40%
brak tytułu Eusébio
40%
brak tytułu Karim Benzema
40%
brak tytułu Kenny Dalglish
40%
brak tytułu Michael Ballack
40%
brak tytułu Roberto Baggio
33%
brak tytułu Alfredo Di Stéfano
31%
brak tytułu Ferenc Puskás
30%
brak tytułu Raúl
29%
brak tytułu Marco van Basten
26%
brak tytułu Oliver Kahn
21%
brak tytułu Michel Platini
19%
brak tytułu Paolo Maldini
9%
brak tytułu Zico
9%
brak tytułu Karl-Heinz Rummenigge
7%
brak tytułu Socrates
7%
Nie znaleziono quizów pasujących do podanych kryteriów
Rozkład punktacji
Procent ludzi z każdym wynikiem
Percentyl według liczby udzielonych odpowiedzi
Twoja historia wyników
Nie rozwiązałeś tego quizu